000 01574nam a2200265Ia 4500
999 _c50674
_d50674
001 17625
003 GE_BSU
005 20200220150918.0
008 181216s2012ge xx |||||||||||||| ||geo||
020 _a978-9941-0-4889-0
040 _cGE_BSU
041 _ageo
080 _a371.26 ბ-32
100 _aბაქრაძე, მაია.
_97254
245 _aსასიცოცხლო უნარები :
_bმასწავლებლის სახელმძღვანელო /
_cმაია ბაქრაძე ; მეჰდიევა, ნაზაკეტ ბაჰტიარ ; ქეთევან კობალაძე ; რედ. თამარ ხატიაშვილი.
264 _aთბილისი :
_bსამოქალაქო განვითარების ინ-ტი, შპს "მწიგნობარის" სტ,
_c2012.
300 _a122 გვ;
_bცხრ;
_c21 სმ.
504 _aბიბლიოგრ.: გვ. 121
653 _aპედაგოგიკა
653 _aსწავლების მეთოდები; მოსწავლეთა უნარების განვითარება; მოსწავლეთა შეფასება
700 _aმეჰდიევა, ნაზაკეტ ბაჰტიარ
_97255
700 _aკობალაძე, ქეთევან
_97256
700 _aხატიაშვილი, თამარ
_eრედაქტორი
_97257
942 _cBK
_2udc